Managerial accounting: tools for business decision making (Record no. 2746)

MARC details
000 -LEADER
fixed length control field 00718nam a2200145 4500
020 ## - INTERNATIONAL STANDARD BOOK NUMBER
ISBN 0471345881
050 ## - CALL NUMBER
Classification number HF 5657
Item number .4.W49
110 ## - AUTHOR
CORPORATE AUTHOR Jerry Weygandt
111 ## - AUTHOR
AUTHOR Donald E. Kieso, Paul D. Kimmel
245 ## - TITLE
Title Managerial accounting: tools for business decision making
260 ## - PUBLICATION INFORMATION
Place of publication New York
Name of publisher John Wiley & Sons
Year of publication 1999
300 ## - DESCRIPTION
Number of Pages xxix, 543 pg
505 ## - FORMATTED CONTENTS NOTE
Table of Content Managerial accounting <br/>Job order accounting<br/>Process cost accounting<br/>Activity based costing<br/>cost-volume-profit relationship<br/>Budgetary planning <br/>Budgetary control and responsibility accounting<br/>Performance evaluation through standard costs<br/>Incremental analysis<br/>Capital budgeting<br/>Statement of cash flow<br/>Financial statement analysis
942 ## - ADDED ENTRY ELEMENTS (KOHA)
Koha item type Books
Holdings
Withdrawn status Lost status Collection code Home library Current library Shelving location Date acquired Full call number Accession Number Koha item type
    Reference Methodist University Library Main Methodist University Library Main General Stacks 30/04/2004 HF 5657 .4.W49 13382 Books
Copyright © 2026  MUG Library